Nausicaä - Cameron Winter - Lyrics Quiz - Statistics

General Stats
  • This quiz has been taken 14 times
  • The average score is 65 of 117
Answer Stats
Answer % Correct
Nausicaa
100%
I
86%
you
86%
here
71%
know
71%
Love
71%
(Love
71%
me
71%
wanna
71%
be
57%
can't
57%
feels
57%
how
57%
it
57%
revealed
57%
revealed)
57%
smoke
57%
so
57%
someone
57%
tell
57%
Tell
57%
the
57%
want
57%
will
57%
a
43%
and
43%
bull
43%
from
43%
of
43%
running
43%
side
43%
to
43%
watching
43%
am
29%
around
29%
blind
29%
down
29%
easy
29%
feeling
29%
for
29%
go
29%
I'm
29%
im
29%
its
29%
knows
29%
pipe
29%
spinning
29%
ugly
29%
wheel
29%
wings
29%
yeah
29%
are
14%
No matching quizzes found
Score Distribution
Percent of People with Each Score
Percentile by Number Answered
Your Score History
You have not taken this quiz